Statistics for Wonky Word Clicking - P - #2

Click here to take the quiz!

General Stats

  • This quiz has been taken 149 times
  • The average score is 11 of 15

Answer Stats

HintAnswer% Correct
Pantaloons
95%
Peewee
95%
Piffle
92%
Persimmon
88%
Pussyfoot
88%
Pagoda
87%
Papyrus
87%
Pedagogy
85%
Panache
79%
Parapet
74%
Pugnacity
71%
Ptarmigan
58%
Poltroon
50%
Pudibund
32%
Purwannah
24%

Score Distribution

Percentile by Number Answered

Percent of People with Each Score

Your Score History

You have not taken this quiz